000
00199 a2200085 4500
020
_a
9780500239322
100
_a
William Myers
245
_a
Bio Art: Altered Realities
260
_b
Thames & Hudson
_c
2015
999
_c
13269
_d
13269